Statistics for Archenemies of Superheroes

Click here to take the quiz!

General Stats

  • This quiz has been taken 126 times
    (99 since last reset)
  • The average score is 20 of 52

Answer Stats

SuperheroArchenemy% Correct
BatmanJoker
100%
Spider-manGreen Goblin
87%
SupermanLex Luthor
86%
Professor XMagneto
86%
Captain AmericaRed Skull
84%
Fantastic FourDoctor Doom
82%
ThorLoki
82%
FlashProfessor Zoom
78%
HulkAbomination
72%
SHIELDHYDRA
71%
Green LanternSinestro
69%
WolverineSabretooth
68%
Iron ManMandarin
67%
Silver SurferGalactus
65%
Ninja TurtlesShredder
64%
DaredevilKingpin
62%
VisionUltron
62%
Wonder WomanCheetah
61%
Dr. StrangeDormammu
60%
AntmanYellowjacket
60%
Teen TitansDeathstroke
54%
AquamanBlack Manta
49%
Black PantherKlaw
35%
Justice LeagueDarkseid
34%
The PunisherJigsaw
29%
Jessica JonesPurple Man
28%
Wally WestZoom
25%
Green ArrowMerlyn
24%
X-MenBrotherhood of Mutants
22%
Captain MarvelBlack Adam
20%
Ghost RiderBlackheart
20%
NamorAttuma
18%
BladeDeacon Frost
16%
WatchmenOzymandias
16%
She-HulkTitania
13%
Kick-AssRed Mist
12%
Judge DreddJudge Death
11%
DeadpoolT-Ray
9%
SpawnViolator
9%
Moon KnightBushman
7%
AtomChronos
7%
AvengersMasters of Evil
6%
HawkeyeTrick Shot
6%
Martian ManhunterMalefic
5%
Luke CageChemistro
4%
John ConstantineFirst of the Fallen
4%
HawkmanHath-Set
4%
FirestormMultiplex
4%
Jonah HexQuentin Turnbull
4%
SandmanDesire
2%
HellboyGrigori Rasputin
2%
Iron FistMaster Khan
2%

Score Distribution

Percentile by Number Answered

Percent of People with Each Score

Your Score History

You have not taken this quiz since the last reset